Programovanie osobného mikropočítača PMD-85 v jazyku BASIC-G /

Guardado en:
Detalles Bibliográficos
Autor principal: Burger, Ivan (Autor)
Formato: Libro
Publicado: Bratislava : Dom techniky
Etiquetas: Agregar Etiqueta
Sin Etiquetas, Sea el primero en etiquetar este registro!

MARC

LEADER 00000nam a22000003a 4500
001 stu20223
005 20150617225752.0
008 ------s--------cs----------------------d
040 |a STU  |b slo 
041 0
044 |a cs 
080 |a 681.3.06 
100 1 |a Burger, Ivan  |4 aut 
245 1 |a Programovanie osobného mikropočítača PMD-85 v jazyku BASIC-G /  |c [aut.]Burger,Ivan 
260 |a Bratislava :  |b Dom techniky 
300 |a 1986 :  |b 112 s 
996 |b CB405  |c C*B405  |l CCII  |s P  |a 0  |w stu20223_0001 
996 |b CB406  |c C*B406  |l CCII  |s P  |a 0  |w stu20223_0002 
996 |b CB407  |c C*B407  |l CCII  |s P  |a 0  |w stu20223_0003